[Event "Turtle Speed Knockout # 3"]
[Site "SchemingMind.com"]
[Date "2008.12.02"]
[Round "-"]
[White "Clive Everill"]
[Black "lame wolf"]
[Result "1-0"]
[WhiteCountry "CZE"]
[BlackCountry "INT"]
[WhiteElo "1644"]
[WhiteRD "50"]
[BlackElo "995"]
[BlackRD "52"]
[GameID "181372"]

1. Nf3 d5 2. d4 Qd6 3. Nc3 c5 4. dxc5 Qxc5 5. Qxd5 Qxd5 6. Nxd5 Na6 7. e4 e6 8. Nf4 Bd7 9. Bxa6 bxa6 10. O-O Be7
11. Be3 e5 12. Nxe5 Nh6 13. Rfd1 O-O 14. Rxd7 Bg5 15. Nd5 f6 16. Bxg5 fxe5 17. f4 Rf7 18. Rxf7 Nxf7 19. Bh4 exf4 20. c4 g5
21. Bf2 Rc8 22. c5
1-0

[Event "Turtle Speed Knockout # 3"]
[Site "SchemingMind.com"]
[Date "2008.12.02"]
[Round "-"]
[White "lame wolf"]
[Black "Clive Everill"]
[Result "0-1"]
[WhiteCountry "INT"]
[BlackCountry "CZE"]
[WhiteElo "995"]
[WhiteRD "52"]
[BlackElo "1644"]
[BlackRD "50"]
[GameID "181379"]

1. c3 d5 2. e3 e5 3. d4 e4 4. c4 Nf6 5. c5 Bg4 6. Be2 Bd7 7. b4 c6 8. Nc3 a5 9. b5 Be7 10. b6 Na6
11. a3 O-O 12. Bxa6 Rxa6 13. a4 Bg4 14. Nce2 Bh5 15. f3 exf3 16. gxf3 Bg6 17. Nc3 Nh5 18. e4 Bh4+ 19. Kd2 dxe4 20. fxe4 Qxd4+
21. Kc2 Bxe4+ 22. Kb3 Qb4+ 23. Ka2 Bxh1 24. Qb3 Qxc5 25. Nge2 Rxb6 26. Qd1 Qc4+ 27. Ka3 Be7+
0-1

[Event "Turtle Speed Knockout # 3"]
[Site "SchemingMind.com"]
[Date "2008.12.02"]
[Round "-"]
[White "Zugzwang"]
[Black "lemmie"]
[Result "0-1"]
[WhiteCountry "CAN"]
[BlackCountry "NED"]
[WhiteElo "1457"]
[WhiteRD "60"]
[BlackElo "1745"]
[BlackRD "51"]
[GameID "181436"]

1. d4 d5 2. Nf3 Nf6 3. e3 e6 4. Bd3 Nc6 5. O-O Be7 6. c3 h6 7. Nbd2 Bd7 8. Qe2 O-O 9. e4 dxe4 10. Nxe4 Nxe4
11. Qxe4 g6 12. Bxh6 Re8 13. Rfe1 Kh7 14. Qf4 Bf6 15. Re4 Qe7 16. Rae1 Nd8 17. Bg5 Bxg5 18. Nxg5+ Kg7 19. Qg3 Rh8 20. Rh4 Nc6
21. d5 Rxh4 22. Qxh4 Rh8 23. Qf4 Nd8 24. dxe6 Bxe6 25. Nf3 Qc5 26. Qd4+ Qxd4 27. Nxd4 c5 28. Nb5 a6 29. Nd6 Bxa2 30. Re7 b5
31. f4 Nc6 32. Rc7 Nd8 33. Rxc5 Ne6 34. Rc6 Nxf4 35. Be4= Rh5 36. Rxa6 Bc4 37. Ne8+ Kf8 38. Ra8 Ke7 39. Nc7 Kd7 40. Ne8 Re5
41. Nf6+ Ke7 42. Ng8+ Kd7 43. Nf6+ Ke6 44. Ra6+ Ke7 45. Ng8+ Kf8 46. Ra8+ Kg7 47. Bc2 Re1+ 48. Kf2 Re2+ 49. Kf3 Nxg2 50. Kg3 Ne3
51. h4 Rxc2 52. Re8 Nf5+ 53. Kf4 Nxh4
0-1

[Event "Turtle Speed Knockout # 3"]
[Site "SchemingMind.com"]
[Date "2008.12.08"]
[Round "-"]
[White "1tamad"]
[Black "thefriediceman"]
[Result "0-1"]
[WhiteCountry "USA"]
[BlackCountry "USA"]
[WhiteElo "1753"]
[WhiteRD "66"]
[BlackElo "1876"]
[BlackRD "73"]
[GameID "181783"]

1. d4 Nf6 2. e3 g6 3. Nf3 Bg7 4. Bc4 O-O 5. O-O d5 6. Be2 b6 7. c4 dxc4 8. Bxc4 Bb7 9. Nc3 Nbd7 10. Re1 Re8
11. e4 Nf8 12. e5 Nd5 13. Qb3 e6 14. Bg5 Qd7 15. Rac1 Nxc3 16. Qxc3 Bxf3 17. gxf3 h6 18. Be3 Qe7 19. Bd3 Red8 20. Qxc7 Qxc7
21. Rxc7 Bxe5 22. Be4 Bxc7 23. Bxa8 Rxa8 24. Rc1 Bd6 25. f4 Nd7 26. Rc6 Bf8 27. Rc7 Nf6 28. Kg2 Nd5 29. Rc2 Nb4 30. Rc4 Nxa2
31. Ra4 Nb4
0-1

[Event "Turtle Speed Knockout # 3"]
[Site "SchemingMind.com"]
[Date "2008.12.08"]
[Round "-"]
[White "thefriediceman"]
[Black "1tamad"]
[Result "1/2-1/2"]
[WhiteCountry "USA"]
[BlackCountry "USA"]
[WhiteElo "1851"]
[WhiteRD "71"]
[BlackElo "1732"]
[BlackRD "63"]
[GameID "181795"]

1. e4 e6 2. d4 d5 3. Nd2 b6 4. Ngf3 Bb7 5. e5 c5 6. c3 Nc6 7. Bb5 a6 8. Ba4 Ne7 9. O-O b5 10. Bc2 cxd4
11. cxd4 Nf5 12. Nb3 Be7 13. Bf4 O-O 14. a3 Nh4 15. Nxh4 Bxh4 16. Qg4 Kh8 17. Qh3 h6 18. g3 Bg5 19. Bxg5 Qxg5 20. f4 Qe7
21. Rad1 Rac8 22. Qg2 a5 23. Qf2 a4 24. Na1 Na5 25. Rc1 Nc4 26. Bd3 f6 27. Qe2 f5 28. Rc3 Ba6 29. Rb1 b4 30. axb4 Qxb4
31. Nc2 Qb6 32. Ne3 Nxe3 33. Qxe3 Bc4 34. Bxc4 Rxc4 35. Rxc4 dxc4 36. Qc3 Qb3 37. Qxb3 cxb3 38. Kf2 Rc8 39. Ke3 Kg8 40. h3=
1/2-1/2

[Event "Turtle Speed Knockout # 3"]
[Site "SchemingMind.com"]
[Date "2008.12.06"]
[Round "-"]
[White "Bury"]
[Black "Brian Acebo"]
[Result "0-1"]
[WhiteCountry "POL"]
[BlackCountry "USA"]
[WhiteElo "1385"]
[WhiteRD "86"]
[BlackElo "1578"]
[BlackRD "66"]
[GameID "182048"]

1. e4 c5 2. Bc4 Nc6 3. Nf3 d6 4. Nc3 Nf6 5. d3 e6 6. Bg5 h6 7. Bf4 Be7 8. O-O O-O 9. a3 Nd4 10. Nxd4 cxd4
11. Ne2 e5 12. Bg3 Bd7 13. b4 b5 14. Bb3 Qc8 15. Bh4 Be6 16. Bxe6 Qxe6 17. f3 d5 18. c3 dxe4 19. cxd4 exd3 20. Qxd3 a6
21. Rac1 exd4 22. Nxd4 Qd6 23. Rc6 Qe5 24. Bg3 Qd5 25. Rc2 Rfd8 26. Rd1 Nh5 27. Bf2 Nf4 28. Qe3 Bg5 29. Qe1 Re8 30. Qf1 Re7
31. Nc6 Qb3 32. Nxe7+ Bxe7 33. Qe1 Qxc2 34. Rc1 Ne2+ 35. Kh1 Nxc1
0-1

[Event "Turtle Speed Knockout # 3"]
[Site "SchemingMind.com"]
[Date "2008.12.07"]
[Round "-"]
[White "zossmo"]
[Black "Han Solo"]
[Result "0-1"]
[WhiteCountry "PHI"]
[BlackCountry "HUN"]
[WhiteElo "1358"]
[WhiteRD "125"]
[BlackElo "2054"]
[BlackRD "79"]
[GameID "182049"]

1. e4 c5 2. Nf3 Nc6 3. d4 cxd4 4. Nxd4 Nf6 5. Nc3 e5 6. Nf3 Bb4 7. Bd3 d5 8. Qe2 d4 9. a3 Ba5 10. b4 Nxb4
11. axb4 Bxb4 12. Bb2 dxc3 13. Ba3 Bxa3 14. Rxa3 Qc7 15. O-O O-O 16. Qe1 Bg4 17. Rxc3 Qe7 18. Nd2 Rac8 19. Nb3 Be6 20. Qd2 Rfd8
0-1

[Event "Turtle Speed Knockout # 3"]
[Site "SchemingMind.com"]
[Date "2008.12.06"]
[Round "-"]
[White "Brian Acebo"]
[Black "Bury"]
[Result "1-0"]
[WhiteCountry "USA"]
[BlackCountry "POL"]
[WhiteElo "1578"]
[WhiteRD "66"]
[BlackElo "1385"]
[BlackRD "86"]
[GameID "182056"]

1. d4 d5 2. c4 dxc4 3. Nf3 Nc6 4. e3 Nf6 5. Bxc4 Bg4 6. O-O e6 7. h3 Bf5 8. Nc3 Be4 9. a3 Bd6 10. Nxe4 Nxe4
11. Bd3 Ng5 12. b4 O-O 13. Bb2 Qe7 14. Be2 Rad8 15. Qc2 Nxf3+ 16. Bxf3 Qd7 17. Be4 f5 18. Bxc6 bxc6 19. Rac1 Rde8 20. Qxc6 Qxc6
21. Rxc6 Rf7 22. Rd1 g6 23. d5 Rd7 24. dxe6 Rxe6 25. Rdc1 Rde7 26. Bd4 a6 27. g3 h5 28. Rxa6 Kf7 29. b5 Re8 30. a4 Rb8
31. Rac6 Rb7 32. Bc5 Bxc5 33. R6xc5 Ke8 34. Rxc7 Rbb6 35. R1c5
1-0

[Event "Turtle Speed Knockout # 3"]
[Site "SchemingMind.com"]
[Date "2008.12.10"]
[Round "-"]
[White "Han Solo"]
[Black "zossmo"]
[Result "1-0"]
[WhiteCountry "HUN"]
[BlackCountry "PHI"]
[WhiteElo "2054"]
[WhiteRD "79"]
[BlackElo "1358"]
[BlackRD "125"]
[GameID "182057"]

1. e4 e6 2. d4 d5 3. Nd2 c5 4. dxc5 Nc6 5. Nb3 Bd7 6. exd5 exd5 7. Qxd5 Nf6 8. Qd1 Be7 9. Nf3 O-O 10. Be2 a6
11. O-O Qc7 12. Be3 Rad8 13. Qe1 Bc8 14. Bd3 Ne5 15. Nxe5 Qxe5 16. Bd4 Qxe1 17. Rfxe1 Rfe8 18. h3 Be6 19. Be3
1-0

[Event "Turtle Speed Knockout # 3"]
[Site "SchemingMind.com"]
[Date "2008.12.07"]
[Round "-"]
[White "Kobiahshi"]
[Black "baobab"]
[Result "1-0"]
[WhiteCountry "USA"]
[BlackCountry "ITA"]
[WhiteElo "1616"]
[WhiteRD "67"]
[BlackElo "1697"]
[BlackRD "78"]
[GameID "182183"]

1. d4 c6 2. c4 Nf6 3. Nf3 d5 4. Nc3 Bg4 5. e3 e6 6. cxd5 Nxd5 7. Nxd5 Qxd5 8. Be2 Nd7 9. O-O Bd6 10. b3 O-O
11. Bb2 e5 12. Bc4 Qa5 13. Be2 Rad8 14. a3 exd4 15. Qxd4 Ne5 16. b4 Qc7 17. Qe4 Rfe8 18. Bxe5 Bxf3 19. Bxd6 Qxd6 20. Qxf3 Qd2
21. Rfd1 Qc3 22. Rdc1 Qe5 23. Bc4 Re7 24. Qf4 Qb2 25. Rd1 Rde8 26. Rdb1 Qc3 27. Qd4 Qc2 28. Bd3 Qa4 29. Qh4 g6 30. Qc4 Re5
31. Bc2 Qb5 32. Qxb5 Rxb5 33. a4 Rd5 34. Bb3 Rd3 35. Bc4 Rc3 36. Rc1 Rxc1+ 37. Rxc1 Re4 38. b5 cxb5 39. axb5 b6 40. g3 Kg7
41. Kg2 h5 42. Kf3 Re7 43. Rd1 Kh6 44. Kg2 f5 45. Rd6 Rc7 46. Bd3 Kg7 47. e4 fxe4 48. Bxe4 Rc5 49. Bd3 Kh6 50. Rxg6+
1-0

[Event "Turtle Speed Knockout # 3"]
[Site "SchemingMind.com"]
[Date "2008.12.06"]
[Round "-"]
[White "OarOrBowWags"]
[Black "mmccaffe"]
[Result "1-0"]
[WhiteCountry "USA"]
[BlackCountry "USA"]
[WhiteElo "1664"]
[WhiteRD "110"]
[BlackElo "1427"]
[BlackRD "55"]
[GameID "182191"]

1. e4 c5 2. c3 g6 3. d4 cxd4 4. Qxd4 f6 5. Be3 Bg7 6. Bc4 Nh6 7. Nf3 Nc6 8. Qd2 Ng4 9. h3 Nxe3 10. Qxe3 e6
11. Na3
1-0

[Event "Turtle Speed Knockout # 3"]
[Site "SchemingMind.com"]
[Date "2008.12.09"]
[Round "-"]
[White "baobab"]
[Black "Kobiahshi"]
[Result "1-0"]
[WhiteCountry "ITA"]
[BlackCountry "USA"]
[WhiteElo "1697"]
[WhiteRD "78"]
[BlackElo "1616"]
[BlackRD "67"]
[GameID "182192"]

1. d4 Nf6 2. Nc3 e6 3. e4 Bb4 4. Bd3 d5 5. e5 Ne4 6. Ne2 Nxc3 7. Nxc3 Qh4 8. O-O Qxd4 9. Nb5 Qb6 10. Be3 Bc5
11. Bxc5 Qc6 12. Ba3 Nd7 13. Qg4 g6 14. c4 Nxe5 15. Qg3 f6 16. cxd5 exd5 17. Rac1 Qb6 18. Nxc7+ Kf7 19. Nxd5 Qd8 20. Be4 Nc6
21. Rfd1 Qa5 22. Qd6 Qd8 23. Qf4 Kg7 24. Nc7 Qg8 25. Nxa8 Ne5 26. Nc7 g5 27. Qg3 h5 28. Bd5 Qh7 29. Be6 Bxe6 30. Nxe6+ Kg6
31. Nf8+ Rxf8 32. Bxf8 h4 33. Qa3 a6 34. Qe7 Qh5 35. Qxb7 Qe2 36. Bd6 Ng4 37. Qf3 Qe6 38. a4 Nh6 39. b4 Nf5 40. Rc6 Nd4
41. Qd3+ Nf5 42. b5 axb5 43. axb5 Kh5 44. h3 Kh6 45. Bf8+
1-0

[Event "Turtle Speed Knockout # 3"]
[Site "SchemingMind.com"]
[Date "2009.02.13"]
[Round "-"]
[White "thefriediceman"]
[Black "Zugzwang"]
[Result "1/2-1/2"]
[WhiteCountry "USA"]
[BlackCountry "CAN"]
[WhiteElo "1839"]
[WhiteRD "73"]
[BlackElo "1433"]
[BlackRD "59"]
[GameID "192220"]

1. e4 e5 2. Nf3 Nf6 3. Nxe5 d6 4. Nf3 Nxe4 5. d3 Nf6 6. Be2 Be7 7. O-O O-O 8. b3 Nc6 9. Bb2 Bf5 10. Nbd2 h6
11. Re1 Ne5 12. Nxe5 dxe5 13. Bxe5 Bd6 14. Bxd6 Qxd6 15. Nc4 Qf4 16. Bf3 c6 17. Qd2 Qxd2 18. Nxd2 Rfd8 19. Nc4 Rd4 20. Re7 Bg4
21. Bxg4 Nxg4 22. Rxb7 Rf4 23. f3 Nf6 24. Rc7 Re8 25. Rxc6 Re2 26. Na5 Nd5 27. Kf1 Re8 28. Kf2 Rf5 29. g3 Ne3 30. h3 g5
31. Nb7 g4 32. hxg4 Nxg4+ 33. Kg2 Re2+ 34. Kh3 Nf2+ 35. Kh4 Rxf3 36. b4 Ree3 37. Rg1 Kg7 38. b5 Re7 39. Na5=
1/2-1/2

[Event "Turtle Speed Knockout # 3"]
[Site "SchemingMind.com"]
[Date "2009.02.13"]
[Round "-"]
[White "Zugzwang"]
[Black "thefriediceman"]
[Result "0-1"]
[WhiteCountry "CAN"]
[BlackCountry "USA"]
[WhiteElo "1433"]
[WhiteRD "59"]
[BlackElo "1839"]
[BlackRD "73"]
[GameID "192226"]

1. d4 Nf6 2. Nf3 g6 3. e3 Bg7 4. b3 d5 5. Bb2 O-O 6. Be2 Nc6 7. O-O Bf5 8. c4 dxc4 9. bxc4 Nd7 10. Nc3 Nb6
11. c5 Nd5 12. Re1 a6 13. Nxd5 Qxd5 14. h3 Nb4 15. a3 Nc2 16. Rc1 Nxe1 17. Qxe1 Rfc8 18. Bc4 Qd8 19. Ng5 e6 20. Rd1 Bc2
21. Rd2 Qxg5 22. Rxc2 b5 23. Bd3 Re8 24. f4 Qd8 25. Qf2 c6 26. e4 Qd7 27. Be2 Rad8 28. Rd2 e5 29. fxe5 Bxe5 30. d5 Bxb2
31. Rxb2 cxd5 32. exd5 Qxd5 33. Kh2 Qe5+
0-1

[Event "Turtle Speed Knockout # 3"]
[Site "SchemingMind.com"]
[Date "2009.02.22"]
[Round "-"]
[White "OarOrBowWags"]
[Black "David Hartley"]
[Result "0-1"]
[WhiteCountry "USA"]
[BlackCountry "ENG"]
[WhiteElo "1691"]
[WhiteRD "96"]
[BlackElo "1873"]
[BlackRD "68"]
[GameID "192843"]

1. e4 e6 2. d4 d5 3. c3 c5 4. Bb5+ Bd7 5. Qe2 Qb6 6. Na3 cxd4 7. Nf3 dxc3 8. Be3 cxb2 9. Qxb2 Qa5+ 10. Bd2 Qxa3
11. Qxa3 Bxa3 12. Bxd7+ Nxd7 13. exd5 exd5 14. Rd1 Ne7 15. Bg5 Nb6 16. O-O O-O 17. Bxe7 Bxe7 18. Rd4 Bf6 19. Rd3 Rac8 20. Re1 Rc2
21. g3 Rfc8 22. Rde3 Kf8 23. Kf1= Rxa2 24. Ng1 Bd4 25. R3e2 Rxe2 26. Nxe2 Bf6 27. Nc1 a5 28. Nd3 a4 29. Rb1 Bd4 30. Rb5= a3
31. Ra5 Ra8 32. Rxa8+ Nxa8 33. Nb4 Nb6 34. Na2 Ke7 35. Ke2 Kd6 36. h3 Kc5 37. f3 Kc4 38. Kd2 Kb3 39. Kd3 Bb2 40. Nb4 Kxb4
41. Kc2 Nc4 42. Kb1 Kb3
0-1

[Event "Turtle Speed Knockout # 3"]
[Site "SchemingMind.com"]
[Date "2009.02.22"]
[Round "-"]
[White "David Hartley"]
[Black "OarOrBowWags"]
[Result "1/2-1/2"]
[WhiteCountry "ENG"]
[BlackCountry "USA"]
[WhiteElo "1895"]
[WhiteRD "68"]
[BlackElo "1699"]
[BlackRD "105"]
[GameID "192851"]

1. e4 e5 2. Nf3 c6 3. Nxe5 Qe7 4. d4 d6 5. Nc4 Qxe4+ 6. Be3 Nd7 7. Nc3 Qe7 8. Bd3 Nb6 9. O-O Nf6 10. Re1 Be6
11. Nxb6 axb6 12. a3 d5 13. Bg5 g6 14. Qf3 Bg7 15. Re3 Rd8 16. Rae1 Rd6 17. Na4 h6 18. Bf4 Ne4 19. Bxd6 Qxd6 20. Bxe4 Bxd4
21. R3e2 dxe4 22. Qxe4 O-O 23. Rd2 c5 24. Nc3 Qc6=
1/2-1/2

[Event "Turtle Speed Knockout # 3"]
[Site "SchemingMind.com"]
[Date "2009.05.31"]
[Round "-"]
[White "Brian Acebo"]
[Black "baobab"]
[Result "0-1"]
[WhiteCountry "USA"]
[BlackCountry "ITA"]
[WhiteElo "1581"]
[WhiteRD "64"]
[BlackElo "1720"]
[BlackRD "92"]
[GameID "206443"]

1. e4 Nc6 2. Nf3 e5 3. d4 exd4 4. Nxd4 Nf6 5. Nc3 Bc5 6. Nxc6 bxc6 7. Bg5 Be7 8. Bc4 O-O 9. O-O h6 10. Bf4 d5
11. exd5 cxd5 12. Nxd5 Bd6 13. Nxf6+ Qxf6 14. Bxd6 cxd6 15. c3 Be6 16. Bd3 Rab8 17. Qc2 Rb6 18. Rfe1 Qg5 19. Be4 f5 20. Bd3 Bd5
21. Bf1 Be4 22. Qd1 d5 23. f3 Rxb2 24. fxe4 fxe4 25. Re2 Rxe2 26. Bxe2 Qe3+ 27. Kh1 Rd8 28. Qc2 Rc8 29. Rd1 Rxc3 30. Qd2 Qxd2
31. Rxd2 Rc5 32. Kg1 Kf7 33. Kf2 Kf6 34. Ke3 Ke5 35. g3 Rc3+ 36. Bd3 a5 37. Ke2 exd3+ 38. Rxd3 Rxd3 39. Kxd3 d4 40. a3 a4
41. h3 g6 42. h4 Kd5 43. Kd2 Kc4 44. Kc2 h5 45. Kd2 d3 46. Kd1 Kc3 47. Kc1 Kb3 48. Kd2 Kxa3 49. Kxd3 Kb2 50. Ke4 a3
51. Kf4 a2 52. Kg5 a1=Q 53. Kxg6 Qg1
0-1

[Event "Turtle Speed Knockout # 3"]
[Site "SchemingMind.com"]
[Date "2009.06.02"]
[Round "-"]
[White "baobab"]
[Black "Brian Acebo"]
[Result "1-0"]
[WhiteCountry "ITA"]
[BlackCountry "USA"]
[WhiteElo "1720"]
[WhiteRD "92"]
[BlackElo "1581"]
[BlackRD "64"]
[GameID "206452"]

1. d4 d5 2. c4 dxc4 3. e3 b5 4. a4 a6 5. axb5 Qd5 6. Nc3 Qd6 7. Bxc4 Bb7 8. Nf3 axb5 9. Rxa8 Bxa8 10. Bxb5+ Bc6
11. O-O Nf6 12. Qa4 e6 13. Ne5 Bxb5 14. Nxb5 Qd8 15. b3 Nbd7 16. Nc6 Qc8 17. Bd2 Bd6 18. Bb4 O-O 19. Rc1 Bxb4 20. Nxb4 Qb7
21. Rxc7 Qe4 22. Nc3 Qf5 23. h3 h6 24. Qb5 Qxb5 25. Nxb5 Rb8 26. Nc6 Rxb5 27. b4 g5 28. Kf1 Kf8 29. Ke2 Nb6 30. Rb7 Nfd7
31. Kd3 f5 32. g4 Kf7 33. Ne5+ Ke8 34. Nxd7 Rxb4 35. Rxb6 Rxb6 36. Nxb6 Ke7 37. d5 exd5 38. Nxd5+ Kd6 39. Nc3 Ke5 40. Ne2 fxg4
41. hxg4 Kd5 42. Ng3 Ke5 43. Nf5 Kd5 44. Nxh6
1-0

[Event "Turtle Speed Knockout # 3"]
[Site "SchemingMind.com"]
[Date "2009.05.30"]
[Round "-"]
[White "Han Solo"]
[Black "Clive Everill"]
[Result "1-0"]
[WhiteCountry "HUN"]
[BlackCountry "CZE"]
[WhiteElo "2099"]
[WhiteRD "79"]
[BlackElo "1620"]
[BlackRD "50"]
[GameID "206548"]

1. e4 c5 2. Nf3 Nc6 3. d4 cxd4 4. Nxd4 e5 5. Nb5 d6 6. N1c3 Nf6 7. Bg5 h6 8. Bxf6 gxf6 9. Nd5 Bg7 10. Nbc7+ Kf8
11. Nxa8 Be6 12. Nac7 Bd7 13. Nb5 Qb8 14. Ne3 Nd4 15. Nxd4 exd4 16. Nf5 d5 17. Qxd4 Bxf5 18. exf5 Ke7 19. Qc5+ Qd6 20. Qxd6+ Kxd6
21. O-O-O h5 22. Bc4 Bh6+ 23. Kb1 Kc5 24. Bxd5 b6 25. Bxf7 Rc8 26. Rd3 Kb5 27. Rhd1
1-0

[Event "Turtle Speed Knockout # 3"]
[Site "SchemingMind.com"]
[Date "2009.05.30"]
[Round "-"]
[White "Clive Everill"]
[Black "Han Solo"]
[Result "0-1"]
[WhiteCountry "CZE"]
[BlackCountry "HUN"]
[WhiteElo "1651"]
[WhiteRD "52"]
[BlackElo "2098"]
[BlackRD "81"]
[GameID "206553"]

1. c4 c6 2. Nc3 Nf6 3. d4 d5 4. e3 Bf5 5. Nf3 e6 6. Nh4 Bg4 7. Qb3 Qb6 8. Qxb6 axb6 9. cxd5 exd5 10. h3 Bh5
11. Bd3 Bg6 12. Nxg6 hxg6 13. Bd2 b5 14. b3 Ba3 15. Rb1 O-O 16. O-O Bb4 17. Rfd1 Nbd7 18. a4 bxa4 19. Nxa4 Bd6 20. f3 Rfe8
21. Re1 Bg3 22. Re2 b5 23. Nc3 Rac8 24. Be1 Bxe1 25. Rbxe1 Ra8 26. e4 dxe4 27. fxe4 Ra3 28. Bc2 Nb6 29. e5 Nfd5 30. Ne4 Nf4
31. Rf2 Ne6 32. Nd6 Re7 33. Rd1 Nd5 34. Nc8 Rc7 35. Nd6 Ne3 36. Rd3 Ra1+ 37. Kh2 Nf1+ 38. Kg1 Ne3+ 39. Kh2 Re1 40. Ne8 Ra7
41. Nd6 Ra2 42. Rdd2 Nf1+ 43. Rxf1 Rxf1 44. Ne4 Rc1 45. d5 cxd5
0-1

[Event "Turtle Speed Knockout # 3"]
[Site "SchemingMind.com"]
[Date "2009.09.30"]
[Round "-"]
[White "David Hartley"]
[Black "Han Solo"]
[Result "1-0"]
[WhiteCountry "ENG"]
[BlackCountry "HUN"]
[WhiteElo "1840"]
[WhiteRD "65"]
[BlackElo "1989"]
[BlackRD "84"]
[GameID "221198"]

1. e4 c5 2. c3 Nf6 3. e5 Nd5 4. d4 cxd4 5. cxd4 Nc6 6. Nf3 d6 7. Bc4 Nb6 8. Bb3 dxe5 9. Nxe5 e6 10. Nxc6 bxc6
11. O-O Bd6 12. Nd2 O-O 13. Nf3 Ba6 14. Re1 Nd5 15. Bd2 Rc8 16. Rc1 c5 17. dxc5 Rxc5 18. Rc2
1-0

[Event "Turtle Speed Knockout # 3"]
[Site "SchemingMind.com"]
[Date "2009.09.29"]
[Round "-"]
[White "Han Solo"]
[Black "David Hartley"]
[Result "0-1"]
[WhiteCountry "HUN"]
[BlackCountry "ENG"]
[WhiteElo "1930"]
[WhiteRD "83"]
[BlackElo "1842"]
[BlackRD "66"]
[GameID "221209"]

1. e4 e5 2. Nf3 Nc6 3. d4 exd4 4. Nxd4 Bc5 5. Be3 Qf6 6. Nb5 Bxe3 7. fxe3 Qh4+ 8. g3 Qxe4 9. Nxc7+ Kd8 10. Nxa8 Qxh1
11. Qd6 Nf6 12. Nd2 Ne8 13. Qf4 Qxh2 14. O-O-O Qh6 15. Qxf7 Qxe3 16. Kb1 d6 17. Nc4 Qe7 18. Qf4 Rf8 19. Qd2 Rf6 20. Bg2 Bd7
21. Bxc6 Bxc6 22. Qa5+ b6
0-1

[Event "Turtle Speed Knockout # 3"]
[Site "SchemingMind.com"]
[Date "2009.10.28"]
[Round "-"]
[White "thefriediceman"]
[Black "baobab"]
[Result "1-0"]
[WhiteCountry "USA"]
[BlackCountry "ITA"]
[WhiteElo "1898"]
[WhiteRD "67"]
[BlackElo "1693"]
[BlackRD "97"]
[GameID "224461"]

1. e4 e5 2. Nf3 Nc6 3. Bc4 Nf6 4. d3 d6 5. Bg5 Be7 6. h3 O-O 7. Nc3 h6 8. Bh4 a6 9. a4 Nh5 10. Bxe7 Nxe7
11. Nxe5 Nf4 12. Nxf7 Rxf7 13. Bxf7+ Kxf7 14. Qf3 Ng6 15. g3 Kg8 16. gxf4 Bd7 17. Rg1 Nh4 18. Qg3 Qf6 19. O-O-O Bc6 20. e5 dxe5
21. fxe5 Qe7 22. d4 Nf5 23. Qg6 Nh4 24. Qxh6 Nf3 25. Rg3 Rf8 26. Qe3 Qb4 27. d5 Bxa4 28. Rxf3
1-0

[Event "Turtle Speed Knockout # 3"]
[Site "SchemingMind.com"]
[Date "2009.10.28"]
[Round "-"]
[White "baobab"]
[Black "thefriediceman"]
[Result "0-1"]
[WhiteCountry "ITA"]
[BlackCountry "USA"]
[WhiteElo "1693"]
[WhiteRD "97"]
[BlackElo "1898"]
[BlackRD "67"]
[GameID "224470"]

1. e4 e5 2. Nf3 Nc6 3. Bc4 Bc5 4. c3 Nf6 5. O-O d6 6. Re1 O-O 7. d4 exd4 8. Nxd4 Nxd4 9. cxd4 Bb4 10. Bd2 Bxd2
11. Nxd2 Re8 12. Qb3 Re7 13. h3 c6 14. d5 cxd5 15. exd5 Bf5 16. Bd3 Rxe1+ 17. Rxe1 Bxd3 18. Qxd3 Qa5 19. Qe3 Qxa2 20. Qd4 Qxd5
21. Qe3 h6 22. b3 a6 23. Rd1 Re8 24. Qf3 Qxf3 25. Nxf3 d5 26. Nh4 Re4 27. Nf5 Kf8 28. Nd6 Rb4 29. Rd3 Ne4 30. Rxd5 Nxd6
31. Rxd6 Rxb3 32. Rd7 a5 33. Rd8+ Ke7 34. Rd5 b5
0-1

[Event "Turtle Speed Knockout # 3"]
[Site "SchemingMind.com"]
[Date "2010.02.02"]
[Round "-"]
[White "David Hartley"]
[Black "thefriediceman"]
[Result "0-1"]
[WhiteCountry "ENG"]
[BlackCountry "USA"]
[WhiteElo "1775"]
[WhiteRD "60"]
[BlackElo "1891"]
[BlackRD "81"]
[GameID "237511"]

1. e4 e5 2. Nf3 Nc6 3. Bb5 a6 4. Ba4 Nf6 5. O-O Be7 6. Re1 b5 7. Bb3 d6 8. c3 O-O 9. h3 Na5 10. Bc2 c5
11. d4 Qc7 12. Nbd2 cxd4 13. cxd4 Bb7 14. d5 Rac8 15. Bd3 Nd7 16. Nf1 f5 17. Ne3 f4 18. Nf1 Nc4 19. N1d2 Nxd2 20. Bxd2 Nc5
21. Rc1 Qb6 22. Qe2 Nxd3 23. Qxd3 a5 24. Bc3 b4 25. Bd2 Ba6 26. Qb1 Bb5 27. a3 b3 28. Rc3 a4 29. Rec1 Qa6 30. Ne1 Bc4
31. Nf3 Bd8 32. Rd1 Ba5 33. Rcc1 Bd3 34. Qa1 Bxe4 35. Rxc8 Rxc8 36. Bxa5 Qxa5 37. Rc1 Rc7 38. Rxc7 Qxc7
0-1

[Event "Turtle Speed Knockout # 3"]
[Site "SchemingMind.com"]
[Date "2010.02.02"]
[Round "-"]
[White "thefriediceman"]
[Black "David Hartley"]
[Result "1-0"]
[WhiteCountry "USA"]
[BlackCountry "ENG"]
[WhiteElo "1891"]
[WhiteRD "81"]
[BlackElo "1775"]
[BlackRD "60"]
[GameID "237516"]

1. e4 e5 2. Nf3 Nc6 3. Bc4 Bc5 4. c3 Nf6 5. d3 d6 6. b4 Bb6 7. a4 a6 8. Nbd2 O-O 9. O-O Be6 10. Bxe6 fxe6
11. Qb3 Qe7 12. Nc4 Nd7 13. Nxb6 Nxb6 14. Be3 Nd7 15. Ng5 Nd8 16. f4 Kh8 17. fxe5 Nxe5 18. Rxf8+ Qxf8 19. Nxe6 Nxe6 20. Qxe6 Re8
21. Qd5 c6 22. Qd4 c5 23. Qd5 Ng4 24. Re1 Nxe3 25. Rxe3 Qf6 26. d4 cxd4 27. cxd4 Qe7 28. Rf3 Qc7 29. Qf7 Qxf7 30. Rxf7 Kg8
31. Rf4 Re7 32. Kf2 Rf7 33. Kg3 Kf8 34. h4 Ke8 35. Rxf7 Kxf7 36. Kf4 Ke6 37. g4 Kf6 38. g5+ Ke6 39. d5+ Kd7 40. Kf5 Ke7
41. h5
1-0